000 00893nam a2200217 a 4500
003 AM-YeHGA
040 _aAM-YeHGA
942 _2udc
_cBK
090 _c449348
005 20250618075239.0
008 180330s1960 ru a||||r|||||000|1|rus||
041 1 _arus
_htat
100 1 _aБаширов, Гумер
245 1 0 _aСиваш :
_bПовесть /
_cГумер Баширов ; [Авториз. пер. с тат. Р. Фаизовой].
260 _aМосква :
_bСов. Россия,
_c1960.
300 _a134 с. :
_bил. ;
_c20 см.
650 1 4 _aХудожественная литература
_94918
650 1 4 _aТатарская литература
653 0 _aИностранная военная интервенция и гражданская война в СССР 1918-1920 гг. - Крым (х. л.)
700 1 _aФаизова, Р.
_eпер.
_4trl
999 _c446475
_d446475